000 nam a22 7a 4500
999 _c2932
_d2932
005 20170518163335.0
008 170518b2003 -uk||||| |||| 00| 0 eng d
020 _a0771424191
040 _aAKMAL
082 _a658.0711 ERS
090 _a658.0711
_bERS
100 1 _aErskine, James A.,
_d1942-
_96139
245 1 0 _aTeaching with cases /
_cJames A. Erskine, Michiel R. Leenders, Louise A. Mauffette-Leenders.
250 _a3rd ed.
260 _a London, Ont. :
_b Richard Ivey School of Business, University of Western Ontario,
_c2003.
300 _aviii, 262 p. :
_b ill. ;
_c23 cm
500 _a Includes index.
650 0 _aBusiness education.
_96140
650 0 _aCase method.
_95835
700 1 _a Leenders, Michiel R.
_96132
700 1 _aMauffette-Leenders, Louise A.
_96130
710 2 _aRichard Ivey School of Business.
_96133
942 _2ddc
_cBOOK